| 000 | 00689nam a2200229 a 4500 | ||
|---|---|---|---|
| 001 | BRCA_8077 | ||
| 005 | 20190320210124.0 | ||
| 008 | 030414s1964----mx-a###f##---#001-0#spa-# | ||
| 041 | _aspa | ||
| 044 | _amx | ||
| 050 | 4 |
_aN5230 _b.B48 1964 |
|
| 100 | 1 |
_aBeteta, Ignacio María _920077 |
|
| 245 | 1 | 0 |
_aApuntes de un viaje a oriente _cIgnacio María Beteta y Ramón Beteta. |
| 260 |
_aMéxico _bIgnacio Vado _c1964 |
||
| 300 |
_a1 v. (sin paginación) _bil. a color _c32 cm. |
||
| 500 | _aDedicatoria del autor al señor Franz Mayer | ||
| 500 | _aY106 | ||
| 650 | 1 | 4 |
_aOriente _vDescripción y viajes _920078 |
| 700 | 1 |
_aBeteta, Ramón _ecoaut. _912948 |
|
| 902 | _aGFM | ||
| 942 |
_2lcc _cB |
||
| 999 |
_c7745 _d7745 |
||